<?xml version="1.0" encoding="UTF-8"?>
<record
    xmlns:xsi="http://www.w3.org/2001/XMLSchema-instance"
    xsi:schemaLocation="http://www.loc.gov/MARC21/slim http://www.loc.gov/standards/marcxml/schema/MARC21slim.xsd"
    xmlns="http://www.loc.gov/MARC21/slim">

  <leader>01475    a2200205   4500</leader>
  <datafield tag="020" ind1=" " ind2=" ">
    <subfield code="a">0444876189 (U.S.)</subfield>
  </datafield>
  <datafield tag="035" ind1=" " ind2=" ">
    <subfield code="a">3177298</subfield>
  </datafield>
  <datafield tag="040" ind1=" " ind2=" ">
    <subfield code="a">DLC</subfield>
    <subfield code="b">DLC</subfield>
  </datafield>
  <datafield tag="245" ind1="1" ind2="0">
    <subfield code="a">Computer security: a global challenge : proceedings of the Second IFIP International Conference on Computer Security, IFIP/Sec'84, Toronto, Ontario, Canada, 10-12 September, 1984</subfield>
    <subfield code="b">: a global challenge : proceedings of the Second IFIP International Conference on Computer Security, IFIP/Sec'84, Toronto, Ontario, Canada, 10-12 September, 1984</subfield>
    <subfield code="c">edited by James H. Finch and E. Graham Dougall.</subfield>
  </datafield>
  <datafield tag="260" ind1=" " ind2=" ">
    <subfield code="a">Amsterdam</subfield>
    <subfield code="a">; New York</subfield>
    <subfield code="b">: North-Holland</subfield>
    <subfield code="a">; New York, N.Y.</subfield>
    <subfield code="b">: Sole distributors for the U.S.A. and Canada, Elsevier Science Pub. Co.,</subfield>
    <subfield code="c">1984.</subfield>
  </datafield>
  <datafield tag="300" ind1=" " ind2=" ">
    <subfield code="a">xix, 580 p.</subfield>
    <subfield code="b">: ill.</subfield>
    <subfield code="c">; 24 cm.</subfield>
  </datafield>
  <datafield tag="500" ind1=" " ind2=" ">
    <subfield code="a">Organized by the Toronto Chapter of the Canadian Information Processing Society under the auspices of the International Federation for Information Processing (IFIP) Technical Committee 11: Security and Protection in Information Processing Systems.</subfield>
  </datafield>
  <datafield tag="650" ind1=" " ind2="0">
    <subfield code="a">Computer security</subfield>
    <subfield code="x">Congresses.</subfield>
  </datafield>
  <datafield tag="650" ind1=" " ind2="0">
    <subfield code="a">Electronic data processing departments</subfield>
    <subfield code="x">Security measures</subfield>
    <subfield code="x">Congresses.</subfield>
  </datafield>
  <datafield tag="700" ind1="1" ind2="0">
    <subfield code="a">Finch, James H.</subfield>
  </datafield>
  <datafield tag="700" ind1="1" ind2="0">
    <subfield code="a">Dougall, E. Graham.</subfield>
  </datafield>
  <datafield tag="710" ind1="2" ind2="0">
    <subfield code="a">International Federation for Information Processing</subfield>
    <subfield code="b">. Technical Committee 11: Security and Protection in Information Processing Systems.</subfield>
  </datafield>
  <datafield tag="710" ind1="2" ind2="0">
    <subfield code="a">Canadian Information Processing Society</subfield>
    <subfield code="b">. Toronto Chapter.</subfield>
  </datafield>
  <datafield tag="942" ind1=" " ind2=" ">
    <subfield code="c">BK</subfield>
    <subfield code="k">005.8 FIN</subfield>
    <subfield code="2">ddc</subfield>
  </datafield>
  <datafield tag="999" ind1=" " ind2=" ">
    <subfield code="c">6694</subfield>
    <subfield code="d">6694</subfield>
  </datafield>
  <datafield tag="952" ind1=" " ind2=" ">
    <subfield code="0">0</subfield>
    <subfield code="1">0</subfield>
    <subfield code="4">0</subfield>
    <subfield code="7">0</subfield>
    <subfield code="8">NFIC</subfield>
    <subfield code="a">CL</subfield>
    <subfield code="b">CL</subfield>
    <subfield code="c">AI</subfield>
    <subfield code="d">2005-10-20</subfield>
    <subfield code="e">Donation</subfield>
    <subfield code="l">1</subfield>
    <subfield code="o">005.8 FIN</subfield>
    <subfield code="p">SEECS006578</subfield>
    <subfield code="r">2014-03-03</subfield>
    <subfield code="s">2014-02-02</subfield>
    <subfield code="w">2017-01-05</subfield>
    <subfield code="y">BK</subfield>
  </datafield>
</record>
